Efficient timing of income taxes

Enregistré dans:
Détails bibliographiques
Auteur principal: Kingston, Geoffrey H.
Format: Livre
Langue:anglais
Publié: Brisbane University of Queensland 1983
Collection:Working Paper Number 39
Tags: Ajouter un tag
Pas de tags, Soyez le premier à ajouter un tag!

MARC

LEADER 00000nam a2200000 4500
001 c136318
005 20181203150506.4
041 0 |a eng 
044 |a AU 
245 1 0 |a Efficient timing of income taxes  |c Geoffrey H. Kingston 
264 1 |a Brisbane  |b University of Queensland  |c 1983 
300 |a 21 s. 
490 1 |a Working Paper Number  |v 39 
830 0 |a Working Paper Number  |v 39 
100 1 |a Kingston, Geoffrey H.